| 000 | 00730nam a2200229 a 4500 | ||
|---|---|---|---|
| 001 | 000025049 | ||
| 005 | 20200930023530.0 | ||
| 008 | 110209s1982 mx r 000 f spa d | ||
| 020 | _a9682311942 | ||
| 040 |
_aDO-SdBNP _bspa _cBNPHU |
||
| 082 |
_a869.3 _bE17r |
||
| 100 | 1 |
_aQueiroz, Eça de _d1845-1900 _951393 |
|
| 245 | 1 | 0 |
_aLa reliquia / _cEça de Queiroz ; traducción de Ramón del Valle-Inclán. |
| 260 |
_aMéxico, D. F. : _bSiglo XXI Editores, _c1982. |
||
| 300 |
_a194 p. ; _c18 cm. |
||
| 490 | 1 | _aDe la gran literatura | |
| 650 | 4 |
_aNovela portuguesa _912951 |
|
| 650 | 4 |
_aLiteratura portuguesa _912952 |
|
| 700 | 1 |
_aValle-Inclán, Ramón del _etr. _921515 |
|
| 830 | 0 |
_aDe la gran literatura _929430 |
|
| 049 | _aBNGR | ||
| 999 |
_c24542 _d24542 |
||